MARC

LEADER 00000nam2a2200000 4500
001 326058
005 20231102003825.0
035 |a (RuTPU)RU\TPU\book\351674 
035 |a RU\TPU\book\351638 
090 |a 326058 
100 |a 20161216d1981 k y0rusy50 ca 
101 0 |a rus 
102 |a UA 
105 |a a z 001zy 
200 0 |a Вып. 18  |f отв. ред. М. Е. Иерусалимов 
210 |d 1981 
215 |a 105 с.  |c ил. 
320 |a Библиогр. в конце ст. 
461 1 |0 (RuTPU)RU\TPU\book\165567  |t Электроэнергетика  |o сборник научных трудов  |f Киевский политехнический институт (КПИ)  |v Вып. 18  |d 1964-1991  |s Вестник Киевского политехнического института 
606 1 |a Электроэнергетика  |2 stltpush  |3 (RuTPU)RU\TPU\subj\21036  |9 46086 
610 1 |a компенсационные инверторы 
610 1 |a вентильные преобразователи 
610 1 |a управление 
610 1 |a электрические системы 
610 1 |a динамика 
610 1 |a моделирование 
610 1 |a атмосфера 
610 1 |a качество 
610 1 |a регулирование 
610 1 |a электроэнергетические системы 
610 1 |a динамическая идентификация 
610 1 |a реактивная мощность 
610 1 |a распределение 
610 1 |a микропроцессорные комплексы 
610 1 |a асинхронные турбогенераторы 
610 1 |a сложные электрические системы 
610 1 |a компенсирующие устройства 
675 |a 621.31  |v 4 
702 1 |a Иерусалимов  |b М. Е.  |4 340 
801 0 |a RU  |b 63413507  |c 19950417  |g psbo 
801 1 |a RU  |b 63413507  |c 20120220 
801 2 |a RU  |b 63413507  |c 20171212  |g RCR 
942 |c BK